000 00709nam a2200169 4500
999 _c5082
_d5082
008 161008b xxu||||| |||| 00| 0 eng d
022 _a01153153
082 _aDPer 150.5 P53 June-Dec 2014 v. 47, n. 1 & 2
100 _915860
_aMaximo, Sally I.
245 _aBullying among high school students as influence by parent-child attachment and parenting styles/
_cSally I. Maximo and Nichole Sabrina Nastassja G. Loy
260 _aQuezon City:
_bPsychological Association of the Philippines,
_c©2014.
300 _av47 n2, pages 125-152;
_c24 cm.
500 _aPhilippine Journal of Psychology.
650 0 _915861
_aBullies
700 _940923
_aLoy, Nicole Sabrina Nastassja G.
_eAuthor.
942 _2ddc
_cPER